| Tag |
First Indicator |
Second Indicator |
Subfields |
| LEADER |
00000cam a2200000 4500 |
| 001 |
in00000009022 |
| 005 |
20170324104928.0 |
| 008 |
740607s1923 nyu 00011 eng |
| 010 |
|
|
|a 24003399
|
| 035 |
|
|
|a (OCoLC)00910413
|
| 035 |
|
|
|9 AAA3093AM
|
| 040 |
|
|
|a DLC
|c KSU
|d m.c.
|d OCL
|d KSU
|d SER
|d TXA
|d UtOrBLW
|
| 049 |
|
|
|a TXAM
|c [A12579101]
|
| 090 |
|
|
|a PS3501.N4
|b H67
|
| 100 |
1 |
|
|a Anderson, Sherwood,
|d 1876-1941.
|
| 245 |
1 |
0 |
|a Horses and men ;
|b tales, long and short, from our American life /
|c by Sherwood Anderson.
|
| 264 |
|
1 |
|a New York :
|b B.W. Huebsch, Inc.,
|c 1923.
|
| 300 |
|
|
|a xiii, 347 pages ;
|c 20 cm.
|
| 336 |
|
|
|a text
|b txt
|2 rdacontent
|
| 337 |
|
|
|a unmediated
|b n
|2 rdamedia
|
| 338 |
|
|
|a volume
|b nc
|2 rdacarrier
|
| 505 |
0 |
|
|a I'm a fool.--The triumph of a modern.--"Unused."--A Chicago Hamlet.-- The man who became a woman.--Milk bottles.--The sad horn blowers.--The man's story.--An Ohio pagan.
|
| 999 |
|
|
|a MARS
|
| 999 |
f |
f |
|s 756beb48-9a37-3b6e-accd-d1e8f0b24302
|i e842f6dc-b534-32bf-be20-2e2295e17d7a
|t 0
|
| 952 |
f |
f |
|p ric
|a Texas A&M University
|b Rellis Campus
|c Joint Library Facility
|d Remote Storage
|t 0
|e PS3501.N4 H67
|h Library of Congress classification
|i unmediated -- volume
|m A14812579101
|
| 998 |
f |
f |
|a PS3501.N4 H67
|t 0
|l Remote Storage
|